Lazarillo de tormes /

Guardado en:
Autor Principal: Anónimo
Formato: Libro
Publicado: Buenos Aires : Troquel, 1971
Edición:4a. ed.
Materias:
Etiquetas: Agregar Etiqueta
Sin Etiquetas, Sea el primero en etiquetar este registro!
LEADER 00590nam a22002055a 4500
001 CEM.cems000543
005 20060210000000.0
008 130507s1971##################000#0#####d
003 CEMS
082 0 4 |a 863.3 
100 1 |a Anónimo 
245 1 0 |a Lazarillo de tormes / 
250 |a 4a. ed. 
260 |a Buenos Aires :  |b Troquel,  |c 1971 
300 |a 123 p. 
500 |a Pról. de José Blanco Amor y notas de M. A. Rebuffo 
653 |a Literatura 
653 |a Novela espaÑola-siglo 16 
653 |a Novela picaresca espaÑola 
859 |a CEMS  |b BIB. CEMS - 11 de abril  |h 863.3  |i L456-1a4  |p 4085.75  |t Ej.1